Syntetické dáta pre počítačové videnie v automotive oblasti

Gespeichert in:
Bibliographische Detailangaben
1. Verfasser: Drdák, Patrik (Verfasst von)
Weitere Verfasser: Lehoczký, Peter (Betreuung Doktorarbeit)
Format: Manuskript Buch
Sprache:Slowakisch
Veröffentlicht: 2025
Schlagworte:
Online-Zugang:http://is.stuba.sk/zp/portal_zp.pl?podrobnosti=175252
Tags: Tag hinzufügen
Keine Tags, Fügen Sie das erste Tag hinzu!

MARC

LEADER 00000ntm a22000003a 4500
001 stuzp102875
003 SK-STU
005 20250614211644.8
007 ta
008 150427s2015----xo-----f-mn---000-0-slo-d
040 |a STU  |b slo 
041 0 |a slo 
100 1 |a Drdák, Patrik  |u 070400  |4 aut  |U FIIT Fakulta informatiky a informačných technológií  |T FIIT Ústav počítačového inžinierstva a aplikovanej informatiky  |X 120775  |U I400  |Y 672  |7 120775 
242 0 1 |a Synthetic data for computer vision in automotive industry  |y eng 
245 1 0 |a Syntetické dáta pre počítačové videnie v automotive oblasti 
260 |c 2025 
650 4 |a Sliding RandAugment  |2 eng 
650 4 |a augmentation method  |2 eng 
650 4 |a synthetic data  |2 eng 
650 4 |a augmentačná metóda  |2 slo 
650 4 |a syntetické dáta  |2 slo 
650 4 |a Sliding RandAugment  |2 slo 
700 1 |a Lehoczký, Peter  |u 070400  |k Z3  |4 ths  |U FIIT Fakulta informatiky a informačných technológií  |T FIIT Ústav počítačového inžinierstva a aplikovanej informatiky  |X 112449  |U I400  |Y 672  |7 112449 
856 4 |u http://is.stuba.sk/zp/portal_zp.pl?podrobnosti=175252